Movies Quiz

Random Movies or Box Office Quiz

Actors Highest-Grossing Quiz Stats

 Plays Quiz Updated Jul 6, 2018

Score 0/36 Timer 07:00
3 Plays Today
Actor Movie % Correct
Leonardo DiCaprioTitanic
92.6%
George ClooneyOcean's Eleven
77.2%
Will SmithMen in Black
76.7%
Will SmithIndependence Day
66.9%
Jodie FosterThe Silence of the Lambs
53.6%
Jack NicholsonBatman
47.6%
Robert De NiroMeet the Parents
44.6%
Leonardo DiCaprioThe Revenant
40.8%
Robert De NiroMeet the Fockers
39.8%
Kevin CostnerDances with Wolves
39.6%
Jim CarreyBruce Almighty
37.5%
Reese WitherspoonSweet Home Alabama
34.8%
Meryl StreepThe Devil Wears Prada
34.7%
Jack NicholsonAs Good as It Gets
27.7%
Meryl StreepMamma Mia!
25.2%
Denzel WashingtonAmerican Gangster
22.2%
George ClooneyGravity
20.8%
Kevin CostnerRobin Hood: Prince of Thieves
18.1%
Actor Movie % Correct
Meryl StreepInto the Woods
16.1%
Leonardo DiCaprioInception
13.9%
Will SmithI Am Legend
13.6%
Nicole KidmanBatman Forever
13.5%
Kevin CostnerMan of Steel
12.4%
George ClooneyThe Perfect Storm
11.7%
Robert De NiroShark Tale
11.5%
Jim CarreyDr. Seuss' How the Grinch Stole Christmas
10.5%
Reese WitherspoonMonsters Vs. Aliens
9.5%
Denzel WashingtonSafehouse
8.6%
Reese WitherspoonFour Christmases
8.5%
Jodie FosterContact
5.6%
Denzel WashingtonRemember The Titans
5.3%
Jim CarreyBatman Forever
4.7%
Nicole KidmanHappy Feet
4.6%
Jack NicholsonA Few Good Men
4.5%
Jodie FosterMaverick
1.7%
Nicole KidmanJust Go With It
0.8%

You're not logged in!

Compare scores with friends on all Sporcle quizzes.
OR
Log In

Sporcle TV

Today on Sporcle TV


Watch our educational content, quiz creation guides, and fun videos on Sporcle TV.

Show Comments

Extras

Top Quizzes Today


Score Distribution

Your Account Isn't Verified!

In order to create a playlist on Sporcle, you need to verify the email address you used during registration. Go to your Sporcle Settings to finish the process.

Report this User

Report this user for behavior that violates our Community Guidelines.

Details: